000 00283nam a2200109Ia 4500
008 220120s9999||||xx |||||||||||||| ||und||
100 _aPuntambekar, A.A
245 0 _aFormal language and automation
260 _aTechnical publications
_c2008
300 _b0
650 _aGENERAL BOOKS
999 _c136856
_d136856